00963nam a22001815i 4500001000700000003000900007005001700016008004100033100003800074245026700112260005900379300002100438530003500459650002900494710003700523852010000560856012100660166510ES-MaACL20250814065330.0010119s1897 sp |||| | spa d1 aTorres Campos, Rafael,d1853-190413aLa geografía en 1897 (primer semestre) : bmemoria sobre el progreso de los trabajos geográficos : leída en la Junta general de la Sociedad Geográfica de Madrid el día 15 de junio de 1897 / cpor el secretario general de la misma, Rafael Torres Campos. aMadrid : b[ s.n.], c1897 (fEstab. Tip. de Fortanet) a50 p. ; c24 cm. aDisponible en formato digital. 7aGeografía-zEspaña22 aSociedad Geográfica de Madrid. aES-MaACLjT-846-F-9 z-- Enc. hol., conservando la cub. originalz-- Enc. en un vol. facticio uhttp://invenio.fundacionginer.org/pdf/3890.pdf zRepositorio Digital de la Fundación Francisco Giner de los Ríos